Determinación in vitro del efecto biopesticida del alperujo /

Guardado en:
Autor Principal: Santos López, Silvina.
Autor Corporativo: Universidad Nacional del Sur. Departamento de Agronomía.
Otros Autores: Frayssinet, Silvia R., (tutor.)
Formato: Libro
Idioma:Spanish
Publicado: Bahía Blanca, 2011.
Etiquetas: Agregar Etiqueta
Sin Etiquetas, Sea el primero en etiquetar este registro!
LEADER 00723nam a22001815a 4500
001 EEA.libagro008478
005 20171002131759.0
008 130809s2011####ag#a##########000#0#spa#d
082 0 4 |a 665.3 
082 0 4 |a 641.14 
100 1 |a Santos López, Silvina. 
245 1 0 |a Determinación in vitro del efecto biopesticida del alperujo /  |c Silvina Santos López. 
260 |a Bahía Blanca,  |c 2011. 
300 |a 59 p. :  |b il. ;  |c 30 cm. 
500 |a Trabajo de intensificación (Ingeniero Agrónomo) -- Universidad Nacional del Sur. Departamento de Agronomía, 2011. 
700 1 |a Frayssinet, Silvia R.,  |e tutor. 
710 2 |a Universidad Nacional del Sur.  |b Departamento de Agronomía. 
859 |a AR-BbBCA  |b BIB. AGRONOMIA  |h 665.3  |i S337  |p 2011/5891